000 00352nam a22001457a 4500
003 SGT
020 _a0-7484-0732-4
082 _a006.33
_bROW
100 _aROWE, RAYMOND
245 _aINTELLIGENT SOFTWARE FOR PRODUCT FORMULATION
260 _aU.K.
_bTAYLOR & FRANCIS
_c1998
300 _a250
650 _aINTELLIGENT SOFTWARE
942 _2ddc
_cBK
999 _c33094
_d33094